[Event "DEM U12 2017"]
[Site "Willingen GER"]
[Date "2017.06.08"]
[Round "8"]
[White "Bethke, Richard"]
[Black "Joppich, Til"]
[Result "1-0"]
[Termination "normal"]
[Board "9"]
[WhiteElo "2223"]
[BlackElo "1661"]
[WhiteClock "00:41:56"]
[BlackClock "00:06:50"]
[PlyCount "71"]
[WhiteFideId "12959243"]
[BlackFideId "16232917"]
[EventCountry "GER"]
[EventRounds "11"]
[EventType "swiss"]
[EventDate "2017.06.03"]

1. e4 {[%clk 1:15:58]} 1... c5 {[%clk 1:15:33]} 2. Nf3 {[%clk 1:16:20]} 2...
Nc6 {[%clk 1:15:57]} 3. d4 {[%clk 1:16:44]} 3... cxd4 {[%clk 1:16:18]} 4. Nxd4
{[%clk 1:16:54]} 4... g6 {[%clk 1:16:39]} 5. Be2 {[%clk 1:17:17]} 5... Bg7 {
[%clk 1:16:52]} 6. Nb3 {[%clk 1:17:42]} 6... Nf6 {[%clk 1:16:46]} 7. Nc3 {
[%clk 1:18:07]} 7... O-O {[%clk 1:16:48]} 8. O-O {[%clk 1:18:30]} 8... d6 {
[%clk 1:16:59]} 9. Bg5 {[%clk 1:18:56]} 9... Be6 {[%clk 1:14:26]} 10. Re1 {
[%clk 1:19:02]} 10... Rc8 {[%clk 1:11:43]} 11. Bf1 {[%clk 1:17:41]} 11... a6 {
[%clk 1:04:19]} 12. Nd5 {[%clk 1:16:21]} 12... Ne5 {[%clk 0:52:59]} 13. Qd2 {
[%clk 1:08:25]} 13... Nc4 {[%clk 0:50:21]} 14. Bxc4 {[%clk 1:08:48]} 14... Rxc4
{[%clk 0:51:14]} 15. Na5 {[%clk 1:06:13]} 15... Bxd5 {[%clk 0:43:24]} 16. exd5
{[%clk 1:06:13]} 16... Ne4 {[%clk 0:43:30]} 17. Bxe7 {[%clk 0:51:07]} 17...
Nxd2 {[%clk 0:28:19]} 18. Bxd8 {[%clk 0:51:31]} 18... Rxc2 {[%clk 0:27:54]} 19.
Be7 {[%clk 0:51:53]} 19... Rfc8 {[%clk 0:27:21]} 20. Nxb7 {[%clk 0:51:21]}
20... Rxb2 {[%clk 0:24:54]} 21. Nxd6 {[%clk 0:51:06]} 21... Rcc2 { [%clk
0:23:24]} 22. Ne8 {[%clk 0:50:54]} 22... Nc4 {[%clk 0:22:28]} 23. Nf6+ { [%clk
0:50:57]} 23... Kh8 {[%clk 0:20:03]} 24. Bd8 {[%clk 0:48:40]} 24... Bf8 { [%clk
0:19:11]} 25. Nd7 {[%clk 0:48:18]} 25... Kg8 {[%clk 0:19:19]} 26. Re8 { [%clk
0:47:09]} 26... Rxf2 {[%clk 0:19:23]} 27. Rxf8+ {[%clk 0:47:32]} 27... Kg7
{[%clk 0:19:40]} 28. Bc7 {[%clk 0:42:28]} 28... Rxg2+ {[%clk 0:16:36]} 29. Kh1
{[%clk 0:42:48]} 29... Rge2 {[%clk 0:16:16]} 30. Rd8 {[%clk 0:41:27]} 30... f5
{[%clk 0:11:53]} 31. Nc5 {[%clk 0:41:10]} 31... Nd2 {[%clk 0:07:32]} 32. Ne6+
{[%clk 0:41:03]} 32... Kf7 {[%clk 0:06:47]} 33. Rf8+ {[%clk 0:41:11]} 33... Ke7
{[%clk 0:07:03]} 34. d6+ {[%clk 0:41:08]} 34... Kd7 {[%clk 0:06:37]} 35. Rd8+
{[%clk 0:41:32]} 35... Kc6 {[%clk 0:06:50]} 36. Nd4+ {[%clk 0:41:56]} 1-0

[Event "DEM U12 2017"]
[Site "Willingen GER"]
[Date "2017.06.08"]
[Round "8"]
[White "Weihrauch, Jakob"]
[Black "Neuber, Pascal"]
[Result "1-0"]
[Termination "normal"]
[Board "10"]
[WhiteElo "1965"]
[BlackElo "1632"]
[WhiteClock "01:00:00"]
[BlackClock "00:00:56"]
[PlyCount "61"]
[WhiteFideId "16210115"]
[BlackFideId "16227611"]
[EventCountry "GER"]
[EventRounds "11"]
[EventType "swiss"]
[EventDate "2017.06.03"]

1. e4 {[%clk 1:15:56]} 1... e5 {[%clk 1:15:53]} 2. Nf3 2... Nc6 {[%clk 1:16:11]
} 3. Bb5 {[%clk 1:16:33]} 3... a6 {[%clk 1:14:43]} 4. Ba4 {[%clk 1:16:53]} 4...
Nf6 {[%clk 1:11:49]} 5. d3 {[%clk 1:17:15]} 5... b5 {[%clk 1:11:13]} 6. Bb3 {
[%clk 1:17:40]} 6... h6 {[%clk 1:10:43]} 7. a3 {[%clk 1:17:00]} 7... Bc5 {
[%clk 0:58:46]} 8. Nc3 {[%clk 1:16:38]} 8... d6 {[%clk 0:57:35]} 9. Nd5 { [%clk
1:14:16]} 9... Rb8 {[%clk 0:51:29]} 10. c3 {[%clk 1:12:48]} 10... Ba7 { [%clk
0:48:57]} 11. Qe2 {[%clk 1:11:25]} 11... O-O {[%clk 0:46:52]} 12. O-O { [%clk
1:11:12]} 12... Bg4 {[%clk 0:46:43]} 13. h3 {[%clk 1:11:17]} 13... Bh5 { [%clk
0:46:44]} 14. g4 {[%clk 1:10:49]} 14... Bg6 {[%clk 0:34:42]} 15. Nxf6+ { [%clk
1:10:43]} 15... Qxf6 {[%clk 0:30:50]} 16. g5 {[%clk 1:11:08]} 16... Qe7 { [%clk
0:30:53]} 17. gxh6 {[%clk 1:08:54]} 17... gxh6 {[%clk 0:29:56]} 18. Bxh6 {[%clk
1:09:00]} 18... Rfe8 {[%clk 0:28:49]} 19. Bg5 {[%clk 1:07:28]} 19... Qd7 {[%clk
0:28:03]} 20. Kh2 {[%clk 1:06:30]} 20... Kg7 {[%clk 0:26:28]} 21. Nh4 { [%clk
1:03:54]} 21... Rh8 {[%clk 0:22:36]} 22. Qf3 {[%clk 1:03:16]} 22... Kh7 { [%clk
0:08:25]} 23. Qf6 {[%clk 1:01:37]} 23... Rbf8 {[%clk 0:04:44]} 24. Nf5 { [%clk
1:00:38]} 24... Rfg8 {[%clk 0:01:41]} 25. h4 {[%clk 1:00:02]} 25... Nd8 { [%clk
0:00:38]} 26. h5 {[%clk 1:00:04]} 26... Qe8 {[%clk 0:00:32]} 27. Kg2 { [%clk
0:58:56]} 27... Ne6 {[%clk 0:00:37]} 28. hxg6+ {[%clk 0:59:15]} 28... Rxg6
{[%clk 0:00:35]} 29. Rh1+ {[%clk 0:59:38]} 29... Rh6 {[%clk 0:00:34]} 30. Rxh6+
{[%clk 1:00:00]} 30... Kg8 {[%clk 0:00:56]} 31. Qxh8# 1-0

[Event "DEM U12 2017"]
[Site "Willingen GER"]
[Date "2017.06.08"]
[Round "8"]
[White "Simukov, Erik"]
[Black "Müller, Magnus"]
[Result "0-1"]
[Termination "normal"]
[Board "12"]
[WhiteElo "1719"]
[BlackElo "1599"]
[WhiteClock "00:25:14"]
[BlackClock "00:08:48"]
[PlyCount "114"]
[WhiteFideId "12995380"]
[BlackFideId "16230060"]
[EventCountry "GER"]
[EventRounds "11"]
[EventType "swiss"]
[EventDate "2017.06.03"]

1. e4 {[%clk 1:15:52]} 1... c6 {[%clk 1:15:55]} 2. d4 {[%clk 1:16:01]} 2... d5
{[%clk 1:16:20]} 3. Nd2 {[%clk 1:16:04]} 3... dxe4 {[%clk 1:16:43]} 4. Nxe4 {
[%clk 1:16:20]} 4... Nf6 {[%clk 1:16:51]} 5. Nxf6+ {[%clk 1:15:23]} 5... exf6 {
[%clk 1:17:13]} 6. Nf3 {[%clk 1:14:46]} 6... Bd6 {[%clk 1:17:30]} 7. Be2 {
[%clk 1:10:16]} 7... Be6 {[%clk 1:17:38]} 8. c3 {[%clk 1:08:47]} 8... Qc7 {
[%clk 1:15:47]} 9. Be3 {[%clk 1:06:34]} 9... Nd7 {[%clk 1:15:44]} 10. Qc2 {
[%clk 1:05:09]} 10... Nf8 {[%clk 1:09:59]} 11. c4 {[%clk 0:45:07]} 11... Ng6 {
[%clk 1:10:07]} 12. h3 {[%clk 0:44:46]} 12... O-O {[%clk 1:01:13]} 13. O-O-O {
[%clk 0:42:14]} 13... Qa5 {[%clk 0:58:58]} 14. a3 {[%clk 0:38:10]} 14... b5 {
[%clk 0:53:14]} 15. Bd2 {[%clk 0:36:58]} 15... Bf4 {[%clk 0:50:41]} 16. Bxf4 {
[%clk 0:34:09]} 16... Nxf4 {[%clk 0:50:03]} 17. Bf1 {[%clk 0:30:22]} 17... bxc4
{[%clk 0:38:21]} 18. g3 {[%clk 0:29:55]} 18... Bd5 {[%clk 0:38:26]} 19. gxf4 {
[%clk 0:22:57]} 19... Bxf3 {[%clk 0:38:44]} 20. Bxc4 {[%clk 0:23:22]} 20...
Bxh1 {[%clk 0:37:35]} 21. Rxh1 {[%clk 0:23:46]} 21... Rad8 {[%clk 0:33:50]} 22.
Bd3 {[%clk 0:15:30]} 22... g6 {[%clk 0:33:05]} 23. Rg1 {[%clk 0:15:40]} 23...
Qh5 {[%clk 0:25:58]} 24. f5 {[%clk 0:15:11]} 24... Rxd4 {[%clk 0:24:38]} 25.
fxg6 {[%clk 0:15:30]} 25... hxg6 {[%clk 0:24:25]} 26. Qb3 {[%clk 0:13:31]}
26... Kg7 {[%clk 0:20:38]} 27. Rg3 {[%clk 0:12:24]} 27... Qd5 {[%clk 0:19:16]}
28. Qxd5 {[%clk 0:11:33]} 28... cxd5 {[%clk 0:18:44]} 29. Kd2 {[%clk 0:10:52]}
29... Re8 {[%clk 0:18:42]} 30. Rg4 {[%clk 0:10:13]} 30... Rxg4 {[%clk 0:16:24]}
31. hxg4 {[%clk 0:10:37]} 31... Kh6 {[%clk 0:16:34]} 32. f3 {[%clk 0:10:22]}
32... Kg5 {[%clk 0:16:55]} 33. b4 {[%clk 0:10:43]} 33... Kf4 {[%clk 0:16:45]}
34. Be2 {[%clk 0:11:03]} 34... Re3 {[%clk 0:16:27]} 35. a4 {[%clk 0:11:17]}
35... d4 {[%clk 0:11:36]} 36. a5 {[%clk 0:11:25]} 36... f5 {[%clk 0:08:44]} 37.
gxf5 {[%clk 0:11:51]} 37... Kxf5 {[%clk 0:09:04]} 38. b5 {[%clk 0:12:01]} 38...
Ke5 {[%clk 0:08:24]} 39. Bd3 {[%clk 0:10:08]} 39... Rxf3 {[%clk 0:07:11]} 40.
b6 {[%clk 0:10:32]} 40... axb6 {[%clk 0:07:25]} 41. a6 {[%clk 0:10:43]} 41...
Rh3 {[%clk 0:07:30]} 42. Bf1 {[%clk 0:09:48]} 42... Rh2+ {[%clk 0:05:39]} 43.
Be2 {[%clk 0:09:38]} 43... Rh8 {[%clk 0:03:43]} 44. Bf3 {[%clk 0:10:02]} 44...
f5 {[%clk 0:03:36]} 45. a7 {[%clk 0:10:28]} 45... g5 {[%clk 0:03:49]} 46. a8=Q
{[%clk 0:10:52]} 46... Rxa8 {[%clk 0:04:12]} 47. Bxa8 {[%clk 0:11:19]} 47... g4
{[%clk 0:04:22]} 48. Bb7 {[%clk 0:11:19]} 48... f4 {[%clk 0:04:31]} 49. Bc8 {
[%clk 0:11:32]} 49... g3 {[%clk 0:04:51]} 50. Bb7 {[%clk 0:11:49]} 50... b5 {
[%clk 0:02:32]} 51. Kd3 {[%clk 0:12:06]} 51... b4 {[%clk 0:07:56]} 52. Kc4 {
[%clk 0:27:35]} 52... d3 {[%clk 0:06:48]} 53. Kxd3 {[%clk 0:27:48]} 53... b3 {
[%clk 0:07:10]} 54. Kc3 {[%clk 0:28:13]} 54... b2 {[%clk 0:07:33]} 55. Kxb2 {
[%clk 0:28:39]} 55... Kd4 {[%clk 0:07:58]} 56. Kc2 {[%clk 0:24:48]} 56... Ke3 {
[%clk 0:08:23]} 57. Kd1 {[%clk 0:25:14]} 57... Kf2 {[%clk 0:08:48]} 0-1

[Event "DEM U12 2017"]
[Site "Willingen GER"]
[Date "2017.06.08"]
[Round "8"]
[White "Kosev, Momchil"]
[Black "Großmann, Piet"]
[Result "1-0"]
[Termination "normal"]
[Board "13"]
[WhiteElo "1757"]
[BlackElo "1608"]
[PlyCount "95"]
[WhiteFideId "12975982"]
[BlackFideId "16234359"]
[EventCountry "GER"]
[EventRounds "11"]
[EventType "swiss"]
[EventDate "2017.06.03"]

1. c4 e6 2. Nc3 f5 3. g3 Nf6 4. Bg2 Be7 5. Nf3 O-O 6. O-O d6 7. d4 Qe8 8. Re1
Nbd7 9. e4 fxe4 10. Nxe4 Nxe4 11. Rxe4 Nf6 12. Re1 Qf7 13. Ng5 Qh5 14. Qxh5
Nxh5 15. Nxe6 Bxe6 16. Rxe6 Bf6 17. Re4 c6 18. g4 d5 19. cxd5 cxd5 20. Re2 Bxd4
21. Bxd5+ Kh8 22. gxh5 Rf5 23. Bb3 Raf8 24. Be3 Bxe3 25. fxe3 Rxh5 26. Rf1 Rg5+
27. Rg2 Rxg2+ 28. Kxg2 Rxf1 29. Kxf1 g5 30. h4 h6 31. Kg2 Kg7 32. hxg5 hxg5 33.
Kg3 Kf6 34. Kg4 Ke5 35. Bc2 a5 36. a4 b6 37. Kxg5 Kd5 38. Kf5 Kc5 39. e4 Kd4
40. e5 Ke3 41. e6 Kd2 42. e7 Kxc2 43. e8=Q Kxb2 44. Qb5+ Ka3 45. Ke5 Ka2 46.
Kd4 Ka3 47. Kc3 Ka2 48. Qb2# 1-0

[Event "DEM U12 2017"]
[Site "Willingen GER"]
[Date "2017.06.08"]
[Round "8"]
[White "Gallasch, Jonas"]
[Black "Mainka, Alwin"]
[Result "1/2-1/2"]
[Termination "normal"]
[Board "14"]
[WhiteElo "1813"]
[BlackElo "1579"]
[PlyCount "47"]
[WhiteFideId "16222474"]
[BlackFideId "16241177"]
[EventCountry "GER"]
[EventRounds "11"]
[EventType "swiss"]
[EventDate "2017.06.03"]

1. Nf3 d5 2. c4 e6 3. d4 Nf6 4. Bg5 Nbd7 5. Nc3 c6 6. e3 Qa5 7. Qb3 Ne4 8. Bf4
Bb4 9. Rc1 dxc4 10. Bxc4 Ndf6 11. O-O O-O 12. Rfd1 Bxc3 13. bxc3 Nd5 14. Bxd5
exd5 15. Nd2 Nxd2 16. Rxd2 b5 17. Qd1 Bf5 18. Bd6 Rfd8 19. Bc5 Re8 20. Qf3 Bg6
21. Qf4 Qd8 22. Rb2 Re4 23. Qg3 Bh5 24. h3 1/2-1/2

[Event "DEM U12 2017"]
[Site "Willingen GER"]
[Date "2017.06.08"]
[Round "8"]
[White "Tham, Nam"]
[Black "Röhr, Oliver"]
[Result "1-0"]
[Termination "normal"]
[Board "15"]
[WhiteElo "1762"]
[BlackElo "1706"]
[PlyCount "53"]
[WhiteFideId "12997331"]
[BlackFideId "12987697"]
[EventCountry "GER"]
[EventRounds "11"]
[EventType "swiss"]
[EventDate "2017.06.03"]

1. e4 c5 2. d4 cxd4 3. Nf3 d6 4. Nxd4 Nf6 5. Nc3 a6 6. f3 e6 7. Be3 Be7 8. Qd2
b5 9. O-O-O O-O 10. g4 Bd7 11. h4 Nc6 12. h5 b4 13. Nb1 Qa5 14. g5 Ne8 15. g6
h6 16. Rg1 f6 17. Nxc6 Bxc6 18. Bxh6 Qxh5 19. Bc4 d5 20. Rh1 Qxg6 21. Rdg1 Qf7
22. Bxg7 Qxg7 23. exd5 Bxd5 24. Bxd5 Rd8 25. Bxe6+ Rf7 26. Qh6 Kf8 27. Qh8+ 1-0

[Event "DEM U12 2017"]
[Site "Willingen GER"]
[Date "2017.06.08"]
[Round "8"]
[White "Sinnhöfer, Joshua"]
[Black "Schauties, Nico Antonio"]
[Result "0-1"]
[Termination "normal"]
[Board "16"]
[WhiteElo "1540"]
[BlackElo "1711"]
[PlyCount "82"]
[WhiteFideId "16201361"]
[BlackFideId "16206371"]
[EventCountry "GER"]
[EventRounds "11"]
[EventType "swiss"]
[EventDate "2017.06.03"]

1. e4 e6 2. d4 d5 3. Nd2 Nf6 4. e5 Nfd7 5. Bd3 c5 6. c3 Nc6 7. Ne2 Be7 8. O-O
a6 9. f4 b5 10. Nf3 Qb6 11. Be3 c4 12. Bc2 b4 13. Qb1 a5 14. Bxh7 Ba6 15. Re1
Qb5 16. f5 Nf8 17. f6 gxf6 18. exf6 Bd6 19. Bh6 Nxh7 20. Bg7 Rg8 21. Qxh7 O-O-O
22. Ng5 Qb7 23. Qh5 Rd7 24. Qh7 Re8 25. g3 e5 26. Qf5 Kb8 27. h4 exd4 28. cxd4
c3 29. Nf4 Rxe1+ 30. Rxe1 Nxd4 31. Qxd5 Qxd5 32. Nxd5 Bxg3 33. Re8+ Kb7 34. Re7
Kc6 35. Nxc3 bxc3 36. bxc3 Ne2+ 37. Kg2 Bxh4 38. Nf3 Rxe7 39. fxe7 Bxe7 40.
Nd4+ Nxd4 41. Bxd4 Bc4 0-1

[Event "DEM U12 2017"]
[Site "Willingen GER"]
[Date "2017.06.08"]
[Round "8"]
[White "Farokhi, Keyvan"]
[Black "von Krosigk, Florian"]
[Result "1-0"]
[Termination "normal"]
[Board "17"]
[WhiteElo "1735"]
[BlackElo "1627"]
[PlyCount "91"]
[WhiteFideId "12998630"]
[BlackFideId "16227808"]
[EventCountry "GER"]
[EventRounds "11"]
[EventType "swiss"]
[EventDate "2017.06.03"]

1. e4 c5 2. Nf3 e6 3. d4 cxd4 4. Nxd4 a6 5. c4 Nf6 6. e5 Qa5+ 7. Nc3 Qxe5+ 8.
Be2 Be7 9. O-O O-O 10. Bf3 Nc6 11. Nxc6 bxc6 12. g3 Qc7 13. Bf4 e5 14. Be3 d6
15. b4 Be6 16. Qd3 Rfd8 17. Rfc1 Rab8 18. Nd5 cxd5 19. cxd5 Qd7 20. dxe6 Qxe6
21. Qxa6 e4 22. Be2 Rxb4 23. Rc6 Rbb8 24. Bc4 Qe5 25. Rd1 d5 26. Bf4 Qh5 27.
Be2 Ng4 28. h4 Ra8 29. Qb7 Bf8 30. Bg5 f6 31. Rxd5 Rxd5 32. Qxa8 fxg5 33. Bc4
gxh4 34. Rc8 g6 35. Bxd5+ Kg7 36. Rxf8 hxg3 37. Rg8+ Kh6 38. Qf8+ Kg5 39. f4+
Kh4 40. Qe7+ Kh3 41. Bxe4 Ne3 42. Qd7+ Kh4 43. Rg7 h6 44. Rxg6 Nf5 45. Bxf5 Qe2
46. Rxh6+ 1-0

[Event "DEM U12 2017"]
[Site "Willingen GER"]
[Date "2017.06.08"]
[Round "8"]
[White "Schubert, Nikita"]
[Black "Chassard, Cedric"]
[Result "1-0"]
[Termination "normal"]
[Board "18"]
[WhiteElo "1788"]
[BlackElo "1290"]
[PlyCount "37"]
[WhiteFideId "16212339"]
[BlackFideId "16243536"]
[EventCountry "GER"]
[EventRounds "11"]
[EventType "swiss"]
[EventDate "2017.06.03"]

1. e4 e5 2. Nf3 Nc6 3. Bc4 Bc5 4. c3 Nf6 5. d4 exd4 6. O-O Nxe4 7. cxd4 Bb6 8.
d5 Ne7 9. Re1 Bxf2+ 10. Kf1 Bxe1 11. Qxe1 Nd6 12. Bd3 O-O 13. Bxh7+ Kh8 14. Qh4
Ng6 15. Qh5 Nf4 16. Bxf4 g6 17. Be5+ f6 18. Bxg6+ Kg7 19. Qh7# 1-0

[Event "DEM U12 2017"]
[Site "Willingen GER"]
[Date "2017.06.08"]
[Round "8"]
[White "Haufe, Laurin"]
[Black "Zeuner, Ole"]
[Result "1-0"]
[Termination "normal"]
[Board "19"]
[WhiteElo "1665"]
[BlackElo "1764"]
[PlyCount "87"]
[WhiteFideId "12976504"]
[BlackFideId "12943576"]
[EventCountry "GER"]
[EventRounds "11"]
[EventType "swiss"]
[EventDate "2017.06.03"]

1. e4 c5 2. Nf3 Nc6 3. d4 cxd4 4. Nxd4 g6 5. c4 Bg7 6. Be3 d6 7. Nc3 Qb6 8. Nd5
Qd8 9. Nb5 Rb8 10. Qd2 b6 11. Ndc7+ Kf8 12. Nd5 Nf6 13. Nxf6 Bxf6 14. Bh6+ Bg7
15. Qc3 f6 16. Be3 Be6 17. Rc1 Kf7 18. b3 Qd7 19. Qd2 Rhc8 20. Bd3 a6 21. Nc3
Ne5 22. Nd5 Nxd3+ 23. Qxd3 Bxd5 24. exd5 b5 25. O-O bxc4 26. bxc4 Qa4 27. Rc2
Qa5 28. Qe4 Rc7 29. c5 Rbb7 30. cxd6 Rxc2 31. dxe7 Rxe7 32. Qxc2 Qxd5 33. Rc1
Qe6 34. h3 Rb7 35. Rb1 Qd5 36. Rxb7+ Qxb7 37. Qc4+ Ke8 38. Qe6+ Qe7 39. Qxa6 f5
40. Qc8+ Kf7 41. Qc4+ Ke8 42. Qg8+ Kd7 43. Qxh7 Qf7 44. Bh6 1-0

[Event "DEM U12 2017"]
[Site "Willingen GER"]
[Date "2017.06.08"]
[Round "8"]
[White "Stillbauer, Jan"]
[Black "Breß, Aaron"]
[Result "0-1"]
[Termination "normal"]
[Board "20"]
[WhiteElo "1658"]
[BlackElo "1745"]
[PlyCount "120"]
[WhiteFideId "16239393"]
[BlackFideId "12996432"]
[EventCountry "GER"]
[EventRounds "11"]
[EventType "swiss"]
[EventDate "2017.06.03"]

1. e4 c5 2. Nf3 e6 3. d4 cxd4 4. Nxd4 Nf6 5. Nc3 Bb4 6. Bg5 Bxc3+ 7. bxc3 Qa5
8. Bd2 Nxe4 9. Nb3 Qf5 10. f3 Nxd2 11. Qxd2 O-O 12. Be2 Nc6 13. O-O b6 14. Bd3
Qf6 15. Be4 d5 16. Bd3 Rd8 17. Kh1 Bb7 18. Nd4 Rac8 19. Rfe1 Kf8 20. Bb5 Rc7
21. Re2 Rdc8 22. Rae1 h6 23. Qd3 Nxd4 24. cxd4 Rc3 25. Qd1 Ra3 26. Qd2 Rxa2 27.
Qd3 Qe7 28. c4 Ra3 29. Qc2 a6 30. Ba4 Rxc4 31. Qb2 Raxa4 32. Qxb6 Rxd4 33. Rb2
Rab4 34. Rxb4 Rxb4 35. Qe3 Qc7 36. Qd2 Rc4 37. g3 Rc2 38. Qd3 Qc3 39. Qxc3 Rxc3
40. Kg2 d4 41. Rf1 Rc2+ 42. Rf2 Rxf2+ 43. Kxf2 Bd5 44. f4 Be4 45. Ke2 d3+ 46.
Ke3 a5 47. g4 a4 48. g5 a3 49. g6 Bxg6 50. f5 Bxf5 51. h4 a2 52. h5 a1=Q 53.
Kd2 Qb2+ 54. Ke3 Qe5+ 55. Kd2 Qe2+ 56. Kc3 d2 57. Kb4 d1=Q 58. Kc5 Qec2+ 59.
Kb4 Qdb1+ 60. Ka3 Qca2# 0-1

[Event "DEM U12 2017"]
[Site "Willingen GER"]
[Date "2017.06.08"]
[Round "8"]
[White "Frank, Marek"]
[Black "Reindl, Jork"]
[Result "0-1"]
[Termination "normal"]
[Board "21"]
[WhiteElo "1639"]
[BlackElo "1461"]
[PlyCount "92"]
[WhiteFideId "16239520"]
[BlackFideId "16200152"]
[EventCountry "GER"]
[EventRounds "11"]
[EventType "swiss"]
[EventDate "2017.06.03"]

1. c4 e6 2. g3 d5 3. Bg2 Nf6 4. Nf3 c5 5. O-O Be7 6. b3 O-O 7. Bb2 Nc6 8. cxd5
exd5 9. d4 c4 10. Na3 cxb3 11. Qxb3 Qb6 12. Qxb6 axb6 13. Nb5 Ra5 14. a4 Be6
15. Bc3 Bb4 16. Bxb4 Nxb4 17. Rab1 Nc6 18. Nc7 Rxa4 19. Nxe6 fxe6 20. Rxb6 Nxd4
21. Nxd4 Rxd4 22. Rxe6 Rb8 23. Rb1 b5 24. e3 Rd2 25. h3 b4 26. Kf1 b3 27. Ke1
Rc2 28. Bf1 b2 29. Bd3 Rc1+ 30. Ke2 Ne4 31. Rxe4 Rxb1 32. Rh4 Rc1 33. Bxh7+ Kf7
34. Rd4 b1=Q 35. Bxb1 Rbxb1 36. Rxd5 Rb2+ 37. Rd2 Rxd2+ 38. Kxd2 Ra1 39. Ke2
Kf6 40. Kf3 g5 41. h4 gxh4 42. gxh4 Kg6 43. Kf4 Kh5 44. e4 Kxh4 45. Kf5 Rf1 46.
Ke6 Kg5 0-1

[Event "DEM U12 2017"]
[Site "Willingen GER"]
[Date "2017.06.08"]
[Round "8"]
[White "Gluma, Christian"]
[Black "Marschall, Tillmann"]
[Result "0-1"]
[Termination "normal"]
[Board "22"]
[WhiteElo "1691"]
[BlackElo "1613"]
[PlyCount "110"]
[WhiteFideId "16223209"]
[BlackFideId "12973220"]
[EventCountry "GER"]
[EventRounds "11"]
[EventType "swiss"]
[EventDate "2017.06.03"]

1. e4 c6 2. Nf3 d5 3. exd5 cxd5 4. Ne5 Nc6 5. d4 e6 6. Bb5 Bd7 7. Nxd7 Qxd7 8.
O-O a6 9. Be2 Bd6 10. c3 Nge7 11. Nd2 O-O 12. Re1 b5 13. a3 Rfb8 14. Bd3 a5 15.
Qg4 b4 16. axb4 axb4 17. Rxa8 Rxa8 18. Nb3 bxc3 19. bxc3 Qc7 20. h4 Na5 21.
Nxa5 Qxc3 22. Rd1 Qxa5 23. h5 Qa4 24. h6 g6 25. Rf1 Be5 26. Qg5 Qxd4 27. Qxe7
Qxd3 28. Bg5 Bh2+ 29. Kxh2 Qxf1 30. Be3 Qa1 31. Qd6 Qf6 32. Qg3 e5 33. Bg5 Qf5
34. f4 f6 35. Qb3 Ra7 36. Qb6 Rd7 37. Qb8+ Kf7 38. Qh8 fxg5 39. Qxh7+ Ke6 40.
Qg8+ Kd6 41. fxg5 Qxg5 42. Qf8+ Qe7 43. Qb8+ Kc5 44. Kg1 e4 45. Qb2 d4 46. Qa3+
Kd5 47. Qa5+ Ke6 48. Qa6+ Kf5 49. Qb5+ Kf6 50. Qf1+ Kg5 51. g4 Kxh6 52. Qh3+
Kg7 53. Kh2 e3 54. g5 Kg8 55. Qh6 Qh7 0-1

[Event "DEM U12 2017"]
[Site "Willingen GER"]
[Date "2017.06.08"]
[Round "8"]
[White "Weidenhöfer, Max"]
[Black "Mailitis, Ricardo"]
[Result "0-1"]
[Termination "normal"]
[Board "23"]
[WhiteElo "1483"]
[BlackElo "1633"]
[PlyCount "38"]
[WhiteFideId "16230566"]
[BlackFideId "12977535"]
[EventCountry "GER"]
[EventRounds "11"]
[EventType "swiss"]
[EventDate "2017.06.03"]

1. e4 e5 2. Nf3 Nc6 3. Bc4 Nf6 4. Ng5 d5 5. exd5 Nd4 6. c3 b5 7. Bf1 Nxd5 8.
cxd4 Qxg5 9. Bxb5+ Kd8 10. Qf3 exd4 11. Bc6 Nf4 12. Bxa8 Bg4 13. Qe4 Bf5 14.
Qxd4+ Bd6 15. Bc6 Nxg2+ 16. Kf1 Bh3 17. Qxa7 Qg4 18. Nc3 Ne3+ 19. Ke1 Nc2# 0-1

[Event "DEM U12 2017"]
[Site "Willingen GER"]
[Date "2017.06.08"]
[Round "8"]
[White "Lauterbach, Kolja"]
[Black "Danninger, Jannik"]
[Result "1-0"]
[Termination "normal"]
[Board "24"]
[WhiteElo "1358"]
[BlackElo "1642"]
[PlyCount "83"]
[WhiteFideId "16235916"]
[BlackFideId "16226402"]
[EventCountry "GER"]
[EventRounds "11"]
[EventType "swiss"]
[EventDate "2017.06.03"]

1. e4 e5 2. Nf3 Nc6 3. Bc4 Bc5 4. b4 Bxb4 5. c3 Be7 6. d4 Na5 7. Nxe5 Nxc4 8.
Nxc4 d5 9. exd5 Qxd5 10. Ne3 Qd8 11. O-O Nf6 12. Nd2 O-O 13. Nf3 b6 14. c4 Ba6
15. Qa4 Bb7 16. d5 Bd6 17. Bb2 a5 18. Nd4 Nd7 19. Ndf5 Be5 20. Qc2 Bxb2 21.
Qxb2 Qf6 22. Qc2 Rfe8 23. Rfe1 Ne5 24. f4 Ng6 25. Ng4 Qd8 26. Qc3 f6 27. Nfh6+
Kf8 28. Rxe8+ Kxe8 29. Nf5 Kf8 30. Nd4 Bc8 31. f5 Nf4 32. Qf3 Qd6 33. Re1 h5
34. Nf2 Qb4 35. Rc1 g5 36. fxg6 Qd2 37. Rd1 Ne2+ 38. Qxe2 Qxe2 39. Nxe2 Ba6 40.
Nf4 Bxc4 41. Ne6+ Kg8 42. Ne4 1-0

[Event "DEM U12 2017"]
[Site "Willingen GER"]
[Date "2017.06.08"]
[Round "8"]
[White "Stepanov, Maximilian"]
[Black "Pixa, Karl"]
[Result "1/2-1/2"]
[Termination "normal"]
[Board "25"]
[WhiteElo "1609"]
[BlackElo "1496"]
[PlyCount "42"]
[WhiteFideId "16244680"]
[BlackFideId "16240480"]
[EventCountry "GER"]
[EventRounds "11"]
[EventType "swiss"]
[EventDate "2017.06.03"]

1. d4 d5 2. c4 e6 3. Nc3 Nf6 4. Bf4 Nbd7 5. Nf3 c6 6. a3 Be7 7. e3 O-O 8. Bd3
b6 9. b4 c5 10. bxc5 bxc5 11. O-O Ba6 12. cxd5 Bxd3 13. Qxd3 exd5 14. dxc5 Nxc5
15. Qe2 Rc8 16. Nb5 a6 17. Nbd4 Bd6 18. Bxd6 Qxd6 19. a4 Nce4 20. Nf5 Qd7 21.
N5d4 Nc3 1/2-1/2

[Event "DEM U12 2017"]
[Site "Willingen GER"]
[Date "2017.06.08"]
[Round "8"]
[White "Ljuca, Rijad"]
[Black "Grabbel, Torben Frederik"]
[Result "0-1"]
[Termination "normal"]
[Board "27"]
[WhiteElo "1436"]
[BlackElo "1411"]
[PlyCount "76"]
[WhiteFideId "16216121"]
[BlackFideId "16219180"]
[EventCountry "GER"]
[EventRounds "11"]
[EventType "swiss"]
[EventDate "2017.06.03"]

1. d4 Nf6 2. c4 e5 3. dxe5 Ng4 4. Nf3 Bc5 5. e3 Nc6 6. h3 Ngxe5 7. Nxe5 Nxe5 8.
Nc3 d6 9. Be2 O-O 10. O-O Be6 11. b3 Qe7 12. f4 Nc6 13. f5 Bd7 14. Nd5 Qe5 15.
Bd2 Rac8 16. f6 g6 17. b4 Bb6 18. b5 Kh8 19. Nxb6 axb6 20. bxc6 Bxc6 21. Qe1
Rce8 22. Qh4 Re6 23. Qh6 Rg8 24. Qf4 Qb2 25. Rfd1 Ba4 26. Qf1 Bxd1 27. Qxd1
Qxf6 28. Qb3 Qxa1+ 29. Bd1 Qg7 30. c5 Rge8 31. cxb6 c6 32. Bg4 R6e7 33. Qb4 Kg8
34. Qxd6 Qe5 35. Qd3 h5 36. Bd1 Qe4 37. Qd6 Qd5 38. Qb4 Rd7 0-1

[Event "DEM U12 2017"]
[Site "Willingen GER"]
[Date "2017.06.08"]
[Round "8"]
[White "Kühn, Antoni"]
[Black "Rashba, David"]
[Result "0-1"]
[Termination "normal"]
[Board "28"]
[WhiteElo "940"]
[BlackElo "1508"]
[PlyCount "44"]
[WhiteFideId "16244710"]
[BlackFideId "16205499"]
[EventCountry "GER"]
[EventRounds "11"]
[EventType "swiss"]
[EventDate "2017.06.03"]

1. e4 c6 2. d4 d5 3. exd5 cxd5 4. Bd3 Nf6 5. Bf4 Bg4 6. f3 Bh5 7. Nd2 e6 8. c3
Nc6 9. Ne2 Bd6 10. Bxd6 Qxd6 11. Qb3 Qc7 12. O-O Bg6 13. Bxg6 hxg6 14. g3 Rh7
15. Rad1 O-O-O 16. Rc1 Rdh8 17. Rf2 Nh5 18. f4 Nf6 19. Rcf1 Ng4 20. Rg2 Nxh2
21. Rff2 Ng4 22. Rf3 Rh1# 0-1